000 00744nam a2200289Ia 4500
005 20260401125913.0
008 008 300114s9999 xx 000 0 eng d
020 _a9781282667587
037 _aEBOOK
040 _aCRL
040 _beng
040 _cCRL
041 _2eng
041 _aeng
084 _qCRL
100 _aStutzke
_91233993
245 0 _aEstimating Software-Intensive Systems: Projects, Products, and Processes
250 _a1
260 _bPearson
260 _c2005
365 _b176915.58752973954
650 _aFOT (Computer Sciene)
_91233944
856 _uhttps://admin.elibrary.in.pearson.com/api/1.0/org/24122025/launchlibrary
942 _cEBOOK
999 _c1847903
_d1847903